Porvenir de la Teología

Gardado en:
Detalles Bibliográficos
Main Authors: Refoulé, Francois (Author), Geffré, Claude J (Author), Pohier, Jacques M (Author), Duquoc, Christian (Author)
Formato: Libro
Idioma:Lingua castelá
Publicado: Barcelona Ediciones Península 1969
Edición:1a. ed
Series:Colección Pensamiento Cristiano, 24
Subjects:
Tags: Engadir etiqueta
Sen Etiquetas, Sexa o primeiro en etiquetar este rexistro!

MARC

LEADER 00000cam a2200000 a 4500
001 UCD4898
003 CL-VaPUC
008 160731e19690000sp |||||||||||||||||spa|d
082 0 4 |a 268.6  |b REF  |2 21 
100 0 |a Refoulé, Francois  |e author  |9 588599 
700 |a Geffré, Claude J  |e author  |9 588600 
700 0 |a Pohier, Jacques M  |e author  |9 588601 
700 0 |a Duquoc, Christian  |e author  |9 588602 
245 1 0 |a Porvenir de la Teología 
250 |a 1a. ed 
300 |a 123 p 
942 |c BK 
945 |d 20160731 21:25:00  |a dcastane 
260 |a Barcelona  |b Ediciones Península  |c 1969 
650 0 |a Teología   |9 258766 
650 0 |a Teología pastoral   |9 257832 
650 0 |a Catequesis  |9 314526 
583 |a last modification  |c 20160731 21:25:00  |k Rodrigo Vera 
490 0 |a Colección Pensamiento Cristiano, 24 
999 |c 365688  |d 365686 
952 |0 0  |1 0  |3 erb  |4 0  |6 268_600000000000000_REF_1969  |7 0  |8 P  |9 479616  |a BIBTEO  |b BIBTES  |c TEO_FTES  |e Villagrán Garnham, Jorge  |i 5317061  |o 268.6 REF 1969  |p 5317061  |r 2024-01-18  |w 2019-11-24  |y BK  |z Catalogado en:20160731  |k ICR